000 00827nam a2200217 i 4500
001 54279
003 ES-MaACL
005 20230906162929.0
007 t|
008 960520s1882 sp a ||||1| spa d
040 _aCLM
_bspa
_cCCPB | SIC
100 1 _aFliedner, Federico.
_951212
245 1 0 _aDavid Livingstone ó Id por todo el mundo
_b: biografía auténtica.
260 _aMadrid :
_bLibrería Nacional y Extranjera,
_c1882.
300 _a167 p., [3] h. de lám. pleg. :
_bil. ;
_c20 cm.
500 _aTít. de la cubierta: "David Livingstone, explorador de Africa, con un mapa de sus viajes"
500 _aEjemplar con anotación manuscrita en la cubierta: "F. Fliedner?", posible autor.
600 1 4 _aLivingstone, David (
_d1813-1873)
_9128982
740 0 _aId por todo el mundo.
852 _aES-MaACL
_jT-593-F-8
999 _c54279
_d54279